| 000 | 00460nam a22001697a 4500 | ||
|---|---|---|---|
| 005 | 20250911114302.0 | ||
| 008 | 250910b |||||||| |||| 00| 0 eng d | ||
| 020 | _a978-81-19415-61-8 | ||
| 041 | _aeng | ||
| 082 | _a340.52 SRI-C | ||
| 100 |
_aSRIVASTAVA , G.K. AND ALAM , S _98679 |
||
| 245 | _aTHE CHOTANAGPUR TENANCY ACT 1ST ED. 2024 | ||
| 260 |
_aPRAYAGRAJ _bCENTRAL LAW AGENCY _c2024 |
||
| 300 | _a280,P | ||
| 650 |
_aLEGAL STUDIES _98608 |
||
| 942 | _cBK | ||
| 999 |
_c8810 _d8808 |
||